A TEXT BOOK OF SHALAKYA TANTRA (Record no. 16695)

MARC details
000 -LEADER
fixed length control field 00331nam a22001457a 4500
003 - CONTROL NUMBER IDENTIFIER
control field SGT
020 ## - INTERNATIONAL STANDARD BOOK NUMBER
International Standard Book Number 978-81-7637-373-9
082 ## - DEWEY DECIMAL CLASSIFICATION NUMBER
Classification number 617.7
Item number S16S
100 ## - MAIN ENTRY--PERSONAL NAME
Personal name SREEDHAR,SUJA K
245 ## - TITLE STATEMENT
Title A TEXT BOOK OF SHALAKYA TANTRA
260 ## - PUBLICATION, DISTRIBUTION, ETC. (IMPRINT)
Place of publication, distribution, etc VARANASI
Name of publisher, distributor, etc CHAUKHAMBA PUB
Year of Publication 2016
300 ## - PAGE DESCRIPTION
No. of Pages 352
650 ## - SUBJECT ADDED ENTRY--TOPICAL TERM
Topical term or geographic name as entry element AYURVEDA
942 ## - ADDED ENTRY ELEMENTS (KOHA)
Source of classification or shelving scheme Dewey Decimal Classification
Koha item type Books
942 ## - ADDED ENTRY ELEMENTS (KOHA)
-- 5
Holdings
Withdrawn status Lost status Source of classification or shelving scheme Damaged status Use restrictions Not for loan Collection code Home library Current library Shelving location Date acquired Vendor Name Cost, normal purchase price Volume Information (Serial or Books or Non-Book Material) SGTU Bill Number Full call number Accession No. (Barcode) Date last seen Bill Date Koha item type Total Checkouts Date last borrowed
    Dewey Decimal Classification   Restricted Access   AYURVEDA SGT FA-FP Library SGT FA-FP Library Reference Book 28/01/2019 CHAUKHAMBA PUB 395.00 1 SGTU CP/B/893 617.7 S16S FA9179 28/01/2019 18/01/2019 Books    
    Dewey Decimal Classification       AYURVEDA SGT FA-FP Library SGT FA-FP Library Text Book 28/01/2019 CHAUKHAMBA PUB 395.00 1 SGTU CP/B/893 617.7 S16S FA9180 06/05/2026 18/01/2019 Books 15 21/04/2026